| 000 | 00400nam a22001577a 4500 | ||
|---|---|---|---|
| 003 | OSt | ||
| 008 | 260324b |||||||| |||| 00| 0 eng d | ||
| 020 | _a9798885750455 | ||
| 082 | _a510 HAM | ||
| 100 | _aHALAI,Chandrahas M | ||
| 245 | _aMeru Prastaar The wonder World of Indian Mathematics | ||
| 250 | _a1st Ed | ||
| 260 |
_aGurugram _bGaruda Prakashan _c2022 |
||
| 300 | _a227p | ||
| 942 |
_2ddc _cREF |
||
| 999 |
_c13885 _d13885 |
||